000 00484cab a2200181 4500
001 WB2546-04
008 090401t1989 xxu||||| |||| 00| 0 eng d
035 _a(Sirsi) u4098
041 _aeng
245 _aJapanese construction ahead
260 _c1989
350 _a0
490 _aDaily Telegraph
_v22/11/89 p24
520 _aBritish construction companies are in the shadow of Japan ese and US competition.
690 _aBUILT ENVIRONMENT
942 _n0
948 _c04/03/1997
999 _c2454
_d2454